| 000 | 00560nam a22001817a 4500 | ||
|---|---|---|---|
| 005 | 20210303142405.0 | ||
| 008 | 210303b xxu||||| |||| 00| 0 spa d | ||
| 041 | _aspa | ||
| 082 | _aTU 113 | ||
| 100 |
_aSolano Araya, Claudia Natalia _959807 |
||
| 245 | _aInforme de práctica supervisada realizada en la Asociación Costarricense de Profesionales de Turismo | ||
| 260 | _c2019 | ||
| 300 | _a17 páginas | ||
| 650 |
_aCOSTA RICA _959813 |
||
| 650 |
_aTURISMO _9894 |
||
| 650 |
_aASOCIACIÓN COSTARRICENSE DE PROFESIONALES EN TURISMO _959809 |
||
| 942 | _cIP | ||
| 999 |
_c12926 _d12926 |
||